000 00863nam a2200229 a 4500
001 000042305
005 20240417100501.0
008 131122s2013 dr 000 p spa d
020 _a9789945009125
040 _aDO-SdBNP
_bspa
_cBNPHU
082 _aRD861.44
_bV763c
100 1 _aVilstle Vilss, Hidoumouchtte Jouffourv
_c1962-
_969361
245 1 0 _aCotopol :
_by otros poemas 2000-2007 /
_cHidoumouchtte Jouffourv Vilstle Vilss.
260 _aMonseñor Nouel, Bonao :
_bFull Color Econocopias,
_c2013.
300 _a128 p. ;
_c21 cm.
500 _aLa biblioteca posee 3 ejemplares autografiados por el autor
500 _aIncluye datos biográficos del autor en la solapa de la contracubierta
590 _aInventariado, 2019 / DG
650 0 _aPoesía dominicana
_966
650 0 _aLiteratura dominicana
_981037
910 _aValidado. Control de calidad MFF
999 _c41794
_d41794